Libro guía para la enseñanza de la cátedra de moldería /

Bibliographic Details
Main Author: Galindo Zeas, Magdalena Ruht (Author)
Format: Electronic eBook
Language:Spanish
Published: Cuenca, Ecuador : Universidad del Azuay, Casa Editora, [2024]
Series:Artem (Universidad del Azuay, Casa Editora)
Subjects:
Online Access:Digitalia Hispánica

MARC

LEADER 00000nam a2200000 i 4500
001 DIGUAZUAY0261
003 NyNyDIG
007 cr |||||||||||
008 251210s2024 ec a ob 000 0 spa d
006 m o d
035 |a (OCoLC)1500717526 
040 |a DGITA  |b eng  |e rda  |e pn  |c DGITA 
020 |a 9789942645913  |q eBook 
020 |z 9789942645906 
050 1 4 |a TT520 ebook 
100 1 |a Galindo Zeas, Magdalena Ruht,  |e author. 
245 1 0 |a Libro guía para la enseñanza de la cátedra de moldería /  |c Magdalena Ruht Galindo Zeas. 
264 1 |a Cuenca, Ecuador :  |b Universidad del Azuay, Casa Editora,  |c [2024] 
300 |a 1 online resource :  |b color illustrations. 
336 |a text  |b txt  |2 rdacontent 
337 |a computer  |b c  |2 rdamedia 
338 |a online resource  |b cr  |2 rdacarrier 
347 |a text file  |2 rdaft 
347 |b PDF 
490 1 |a Artem 
504 |a Includes bibliographical references. 
588 0 |a Online resource; title from PDF title page (Digitalia, viewed December 10, 2025) 
650 0 |a Dressmaking  |x Pattern design. 
650 0 |a Pattern cutting of clothing. 
791 2 |a Digitalia (Firm),  |e distributor. 
793 0 |g Digitalia eBook Collection:  |a Universidad del Azuay 
776 0 8 |i Print version:  |a Galindo Zeas, Magdalena Ruht.  |t Libro guía para la enseñanza de la cátedra de moldería.  |d Cuenca, Ecuador : Universidad del Azuay, Casa Editora, [2024]  |z 9789942645906 
830 0 |a Artem (Universidad del Azuay, Casa Editora) 
856 4 0 |3 Digitalia Hispánica  |u https://www.digitaliapublishing.com/a/170489/ 
910 |a Premium collection: 2025